| Tag |
First Indicator |
Second Indicator |
Subfields |
| LEADER |
00000cam a2200000 a 4500 |
| 001 |
in00000088497 |
| 005 |
20151008065105.0 |
| 007 |
he bm----b--- |
| 008 |
780106r19771747kyu b 00000 enge |
| 035 |
|
|
|a (OCoLC)03534880
|
| 035 |
|
|
|9 AAK5336AM
|
| 040 |
|
|
|a DLC
|c RRR
|d RRR
|d TXA
|d UtOrBLW
|
| 049 |
|
|
|a TXAI
|
| 082 |
0 |
|
|a 252.7
|
| 090 |
|
|
|a BV660
|b .E6
|
| 099 |
|
|
|a fiche
|a C
|a 4314
|
| 100 |
1 |
|
|a Emerson, Joseph,
|d 1700-1767.
|
| 245 |
1 |
0 |
|a Advice of a father to a son engaging in the work of the Evangelical ministry :
|b a sermon preach'd at the ordination of the Reverend Mr. Joseph Emerson, to the work of the ministry, and pastoral office over the Second church of Christ in Groton, in the province of the Massachusetts' Bay, N.E. on Wednesday, Feb. 25th, 1746, 7 /
|c by his father, pastor of the First church of Christ in Malden.
|
| 264 |
|
3 |
|a Boston :
|b Printed and sold by S. Kneeland and T. Green,
|c 1747.
|
| 300 |
|
|
|a 2, 19 pages ;
|c 20 cm.
|
| 336 |
|
|
|a text
|b txt
|2 rdacontent
|
| 337 |
|
|
|a microform
|b h
|2 rdamedia
|
| 338 |
|
|
|a microfiche
|b he
|2 rdacarrier
|
| 500 |
|
|
|a Half-title: Mr. Emerson's sermon at the ordination of his son.
|
| 500 |
|
|
|a "Sabin : 22435."
|
| 500 |
|
|
|a "Copied from the original in the Library of Congress."
|
| 533 |
|
|
|a Microfiche.
|b Louisville, [Ky.] :
|c Lost Cause Press,
|d 1977.
|e 2 microfiches : negative ; 11 x 15 cm.
|f ([Bibliotheca Americana. Selected Americana. Microfiche ed. / J. Sabin]) (Fiche book)
|
| 500 |
|
|
|a Microform.
|
| 600 |
1 |
0 |
|a Emerson, Joseph,
|d 1724-1775.
|
| 999 |
|
|
|a MARS
|
| 999 |
f |
f |
|s 639d23bd-c2f6-3e3c-b737-42e57621952f
|i d0321fc6-8ad1-3fad-8d0e-2cb29783ba53
|t 0
|
| 952 |
f |
f |
|p normal
|a Texas A&M University
|b College Station
|c Sterling C. Evans Library
|d Evans: Microforms (3rd floor)
|t 0
|e fiche C 4314
|h Other scheme
|i microform -- microfiche
|m A14821749519
|
| 998 |
f |
f |
|a fiche C 4314
|t 0
|l Evans: Microforms (3rd floor)
|